Diseño estructural y análisis económico de postes de concreto para señales de tránsito
Zapisane w:
| 1. autor: | |
|---|---|
| Format: | Książka |
| Język: | Spanish |
| Wydane: |
[San José], Costa Rica
2012
|
| Hasła przedmiotowe: | |
| Etykiety: |
Dodaj etykietę
Nie ma etykietki, Dołącz pierwszą etykiete!
|
MARC
| LEADER | 00000nam a22000007a 4500 | ||
|---|---|---|---|
| 003 | 010760 | ||
| 005 | 20221231143928.0 | ||
| 008 | 151103b2012 cr a|||| |||| 00| 0 spa d | ||
| 040 | |c cru CEDI | ||
| 090 | |a TFG 6583 | ||
| 100 | |9 1996 |a Murillo Hidalgo, Jósselyne | ||
| 245 | |a Diseño estructural y análisis económico de postes de concreto para señales de tránsito | ||
| 260 | |a [San José], Costa Rica |c 2012 | ||
| 500 | |a Proyecto de graduación (licenciatura en ingeniería civil)--Universidad de Costa Rica. Facultad de Ingeniería. Escuela de Ingeniería Civil | ||
| 650 | |x DISEÑO DE ESTRUCTURAS |x POSTES DE HORMIGON |x POSTES DE HORMIGON - DISEÑO Y CONSTRUCCION |x POSTES DE HORMIGON - COSTOS |x SEÑALES DE TRANSITO |x PRESION DEL VIENTO |x ESFUERZO Y TENSION |9 1997 | ||
| 942 | |c TFG | ||
| 999 | |c 14367 |d 14367 | ||
